[Event "Int.Vellmar 9th op B"]
[Site "Vellmar"]
[Date "2017.07.14"]
[Round "2.53"]
[White "Pessotschinski, Eduard"]
[Black "Engel, Markus"]
[Result "1-0"]
[WhiteElo "1187"]
[BlackElo "1530"]
[PlyCount "49"]
[EventDate "2017.07.13"]
[EventType "swiss"]
[EventRounds "7"]
[EventCountry "GER"]

1. e4 d5 2. exd5 Qxd5 3. Nc3 Qa5 4. Nf3 Nf6 5. Bc4 Bg4 6. O-O Nbd7 7. Re1 e6 8.
d4 c6 9. d5 cxd5 10. Bxd5 Nxd5 11. Nxd5 Bxf3 12. gxf3 O-O-O 13. Ne3 Nf6 14. Qe2
Bd6 15. Nc4 Qc7 16. Ne5 Bxe5 17. Qxe5 Qxe5 18. Rxe5 Rd1+ 19. Kg2 Nd5 20. Re4 g5
21. Rc4+ Kb8 22. Rg4 f6 23. c4 Nf4+ 24. Bxf4+ gxf4 25. Rxd1 1-0

[Event "Int.Vellmar 9th op B"]
[Site "Vellmar"]
[Date "2017.07.14"]
[Round "3.1"]
[White "Wagner, Andreas"]
[Black "Schilling, Dietmar"]
[Result "1-0"]
[WhiteElo "1770"]
[BlackElo "1872"]
[PlyCount "57"]
[EventDate "2017.07.13"]
[EventType "swiss"]
[EventRounds "7"]
[EventCountry "GER"]

1. d4 d5 2. c4 e6 3. Nf3 Nf6 4. Qc2 Be7 5. Nc3 O-O 6. Bg5 c6 7. e3 Nh5 8. Bxe7
Qxe7 9. g4 Nf6 10. g5 Nfd7 11. h4 Na6 12. a3 Nc7 13. Bd3 g6 14. h5 e5 15. dxe5
Nxe5 16. Nxe5 Qxe5 17. hxg6 fxg6 18. O-O-O Bf5 19. Bxf5 Rxf5 20. e4 dxe4 21.
Nxe4 Ne8 22. Rd7 Qf4+ 23. Kb1 Rf7 24. Rhd1 Rc8 25. c5 Rc7 26. Qc4 Qf5 27. Rxc7
Nxc7 28. Rd8+ Kg7 29. Qd4+ 1-0

[Event "Int.Vellmar 9th op B"]
[Site "Vellmar"]
[Date "2017.07.14"]
[Round "3.2"]
[White "Lange, Martin"]
[Black "Mastmeyer, Lars Quentin"]
[Result "1-0"]
[WhiteElo "1853"]
[BlackElo "1724"]
[PlyCount "117"]
[EventDate "2017.07.13"]
[EventType "swiss"]
[EventRounds "7"]
[EventCountry "GER"]

1. e4 e5 2. Nf3 Nc6 3. Bb5 a6 4. Ba4 Nf6 5. O-O Be7 6. Re1 b5 7. Bb3 Bb7 8. c3
O-O 9. d4 exd4 10. cxd4 d5 11. e5 Ne8 12. Nc3 Na5 13. Bc2 g6 14. a4 c6 15. axb5
cxb5 16. Qe2 Nc7 17. Rxa5 Rc8 18. Ra1 Ne6 19. Bh6 Re8 20. Bb3 Bb4 21. Rec1 Qd7
22. Na2 Be7 23. Rxc8 Rxc8 24. Rc1 Rxc1+ 25. Bxc1 Qc6 26. Qc2 Qb6 27. Be3 b4 28.
Nc1 a5 29. Ba4 Kg7 30. Nd3 Ba6 31. Nc5 Bc4 32. Nxe6+ fxe6 33. b3 Bb5 34. Nd2
Bxa4 35. bxa4 h6 36. Nb3 h5 37. Bc1 Kf7 38. h3 h4 39. g3 Kg7 40. Kg2 Qd8 41.
Qc6 hxg3 42. fxg3 Kf7 43. Nc5 Bxc5 44. Qxc5 b3 45. Qa7+ Ke8 46. Qg7 Qb6 47.
Qxg6+ Kd7 48. Qf7+ Kc8 49. Qe8+ Kb7 50. Qb5 Qxb5 51. axb5 Kb6 52. g4 Kxb5 53.
g5 Kb4 54. g6 a4 55. g7 a3 56. Bxa3+ Kxa3 57. g8=Q b2 58. Qb8 Ka2 59. h4 1-0

[Event "Int.Vellmar 9th op B"]
[Site "Vellmar"]
[Date "2017.07.14"]
[Round "3.3"]
[White "Pichl, Uwe"]
[Black "Rueggeberg, Jan"]
[Result "1-0"]
[WhiteElo "1752"]
[BlackElo "1845"]
[PlyCount "105"]
[EventDate "2017.07.13"]
[EventType "swiss"]
[EventRounds "7"]
[EventCountry "GER"]

1. d4 Nc6 2. Nf3 d5 3. Bf4 f6 4. e3 e5 5. dxe5 g5 6. Bg3 g4 7. Nd4 Nxe5 8. Be2
h5 9. h3 Nh6 10. f4 Ng6 11. hxg4 hxg4 12. Qd3 Kf7 13. Nc3 c5 14. Ndb5 a6 15.
Na3 b5 16. Qxd5+ Be6 17. Qxd8 Rxd8 18. Ne4 Be7 19. c4 b4 20. Nc2 Bf5 21. Nxb4
Bxe4 22. Nxa6 Bxg2 23. Rh5 f5 24. Nc7 Kf6 25. a4 Nf7 26. Rxh8 Rxh8 27. Kf2 Be4
28. a5 Bd6 29. Nb5 Rh1 30. Ra2 Bb1 31. Ra1 Be4 32. Ra2 Ba8 33. a6 Ne7 34. b3
Nc6 35. a7 Nb4 36. Rd2 Ke6 37. Bf1 Rh8 38. Bg2 Bxg2 39. Kxg2 Kd7 40. e4 Kc6 41.
e5 Bc7 42. Bf2 Bb6 43. e6 Nh6 44. Rd7 Na6 45. Rh7 Ra8 46. Rxh6 Bxa7 47. e7+ Kb7
48. Rxa6 g3 49. Bxg3 Re8 50. Nd6+ Kxa6 51. Nxe8 Kb7 52. Nf6 Kc7 53. e8=Q 1-0

[Event "Int.Vellmar 9th op B"]
[Site "Vellmar"]
[Date "2017.07.14"]
[Round "3.4"]
[White "John, Volkmar"]
[Black "Schloemer, Andreas"]
[Result "1-0"]
[WhiteElo "1838"]
[BlackElo "1716"]
[PlyCount "87"]
[EventDate "2017.07.13"]
[EventType "swiss"]
[EventRounds "7"]
[EventCountry "GER"]

1. c4 e5 2. Nc3 Nf6 3. Nf3 d6 4. d4 exd4 5. Nxd4 Be7 6. g3 c6 7. Bg2 O-O 8. O-O
Na6 9. b3 Nc7 10. Ba3 Re8 11. e4 c5 12. Nde2 Rb8 13. Qd3 Bd7 14. Rad1 Qc8 15.
Rfe1 Bh3 16. Bh1 Bd7 17. Bb2 Bc6 18. Nf4 Ne6 19. Ncd5 Bxd5 20. Nxd5 Nxd5 21.
cxd5 Nf8 22. f4 f6 23. e5 Nd7 24. e6 Nf8 25. f5 Bd8 26. Rc1 Bb6 27. Kf1 h6 28.
Qe2 Qc7 29. e7 Nd7 30. Qe6+ Kh8 31. Rc4 Ne5 32. Bxe5 dxe5 33. d6 Qc8 34. d7 Qc7
35. dxe8=Q+ Rxe8 36. Rd1 Rxe7 37. Qd6 Qxd6 38. Rxd6 Kg8 39. Bd5+ Kf8 40. Be6
Ke8 41. Rc1 Bc7 42. Rd3 b6 43. Rcd1 a5 44. Rd7 1-0

[Event "Int.Vellmar 9th op B"]
[Site "Vellmar"]
[Date "2017.07.14"]
[Round "3.5"]
[White "Jacobsen, Steen"]
[Black "Michels, Holger"]
[Result "1/2-1/2"]
[WhiteElo "1681"]
[BlackElo "1816"]
[PlyCount "40"]
[EventDate "2017.07.13"]
[EventType "swiss"]
[EventRounds "7"]
[EventCountry "GER"]

1. d4 Nf6 2. c4 c5 3. d5 b5 4. e3 Bb7 5. b3 g6 6. Bb2 bxc4 7. bxc4 Bg7 8. Nf3
O-O 9. Bd3 d6 10. O-O Nbd7 11. Nbd2 Rb8 12. Rb1 Ba6 13. Qc2 Nb6 14. e4 Qd7 15.
e5 Ng4 16. Rfe1 {Remis Angebot} dxe5 17. h3 Nh6 18. Bxe5 Rb7 19. Ne4 Qc8 20.
Bxg7 Kxg7 1/2-1/2

[Event "Int.Vellmar 9th op B"]
[Site "Vellmar"]
[Date "2017.07.14"]
[Round "3.6"]
[White "Saoud, Mohamad Alhussein"]
[Black "Stein, Carmen"]
[Result "1-0"]
[WhiteElo "1720"]
[BlackElo "1630"]
[PlyCount "69"]
[EventDate "2017.07.13"]
[EventType "swiss"]
[EventRounds "7"]
[EventCountry "GER"]

1. Nf3 d5 2. d4 Nf6 3. c4 c6 4. Nc3 a6 5. e3 Bg4 6. h3 Bxf3 7. Qxf3 e6 8. Bd3
Be7 9. O-O O-O 10. Rd1 b5 11. cxb5 cxb5 12. a3 Nbd7 13. e4 dxe4 14. Nxe4 Nb6
15. Bd2 Nbd5 16. Rac1 Qb6 17. Nc5 Rac8 18. b4 Rfd8 19. g4 Bxc5 20. dxc5 Qc6 21.
Qg3 Rd7 22. Bg5 Rcd8 23. Bc2 h6 24. Bd2 Ne7 25. Qe3 Qc7 26. g5 Nfd5 27. Qe4 Nf5
28. gxh6 g6 29. Bg5 Nc3 30. Rxd7 Rxd7 31. Qa8+ Kh7 32. Bf6 Ne2+ 33. Kf1 Neg3+
34. Ke1 Rd8 35. Qxd8 1-0

[Event "Int.Vellmar 9th op B"]
[Site "Vellmar"]
[Date "2017.07.14"]
[Round "3.7"]
[White "Dinslage, Klaus-Dieter"]
[Black "Lutz, Adam"]
[Result "0-1"]
[WhiteElo "1664"]
[BlackElo "1751"]
[PlyCount "66"]
[EventDate "2017.07.13"]
[EventType "swiss"]
[EventRounds "7"]
[EventCountry "GER"]

1. e4 c5 2. Nf3 e6 3. d4 cxd4 4. Nxd4 Nf6 5. Bd3 a6 6. O-O d6 7. Bg5 Be7 8. Nd2
O-O 9. Kh1 b5 10. f4 Bb7 11. Rf3 h6 12. Bxf6 Bxf6 13. c3 Nd7 14. Rh3 Nc5 15.
Bc2 Rb8 16. Qg4 Kh8 17. Re1 Nd7 18. Ree3 b4 19. Rh5 Bxd4 20. cxd4 Nf6 21. Qh4
Nxh5 22. Qxh5 Rc8 23. Bd3 Rc1+ 24. Nf1 Qf6 25. h3 Qxd4 26. Qf3 f5 27. Kh2 fxe4
28. Bxe4 Rxf1 29. Qxf1 Qxe3 30. Bxb7 Qxf4+ 31. Qxf4 Rxf4 32. a4 bxa3 33. bxa3
Rd4 0-1

[Event "Int.Vellmar 9th op B"]
[Site "Vellmar"]
[Date "2017.07.14"]
[Round "3.10"]
[White "Calci, Fiorino"]
[Black "Mann, Moritz"]
[Result "1-0"]
[WhiteElo "1847"]
[BlackElo "1692"]
[PlyCount "83"]
[EventDate "2017.07.13"]
[EventType "swiss"]
[EventRounds "7"]
[EventCountry "GER"]

1. d4 g6 2. e4 Bg7 3. Nf3 d6 4. Bc4 Nf6 5. Nc3 e6 6. O-O O-O 7. Bg5 h6 8. Bh4
Qe8 9. Re1 a6 10. a4 Nbd7 11. Qd2 e5 12. Rad1 Nb6 13. Bb3 exd4 14. Bxf6 Bxf6
15. Qxh6 Be6 16. Nd5 Bg7 17. Qh4 Qd8 18. Ng5 Re8 19. Qh7+ Kf8 20. Nxe6+ fxe6
21. Nf4 Qf6 22. Rd3 Qxf4 23. Rf3 Qxf3 24. gxf3 Kf7 25. Qh3 Re7 26. f4 Rh8 27.
Qg4 d5 28. a5 Nc4 29. exd5 Nxa5 30. dxe6+ Kf8 31. Ba2 Nc6 32. Qxg6 Rh6 33. Qe4
Nd8 34. f5 Nc6 35. Bd5 Be5 36. Bxc6 Bxh2+ 37. Kf1 bxc6 38. Qxc6 Rf6 39. Qa8+
Re8 40. e7+ Kf7 41. Qd5+ Kg7 42. Qg2+ 1-0

[Event "Int.Vellmar 9th op B"]
[Site "Vellmar"]
[Date "2017.07.14"]
[Round "3.11"]
[White "Haack, Kevin"]
[Black "Hilgert, Viktor"]
[Result "1/2-1/2"]
[WhiteElo "1667"]
[BlackElo "1798"]
[PlyCount "104"]
[EventDate "2017.07.13"]
[EventType "swiss"]
[EventRounds "7"]
[EventCountry "GER"]

1. c4 c6 2. g3 g6 3. Bg2 Bg7 4. Nc3 e5 5. e3 Qe7 6. Nge2 Nf6 7. O-O O-O 8. d4
d6 9. d5 c5 10. e4 Ng4 11. f3 Nh6 12. f4 f6 13. fxe5 fxe5 14. Rxf8+ Qxf8 15.
Bg5 Nf7 16. Be3 Nd7 17. Nb5 a6 18. Nc7 Rb8 19. Ne6 Qe7 20. Qd2 Nf8 21. Nxg7
Kxg7 22. Rf1 Bd7 23. Kh1 b5 24. b3 bxc4 25. bxc4 Rb4 26. Qc1 Bg4 27. Ng1 Qb7
28. Bg5 a5 29. Bf6+ Kg8 30. Bh3 Qd7 31. Bxg4 Qxg4 32. Qc2 Nd7 33. Be7 Ng5 34.
a3 Rb7 35. Bxg5 Qxg5 36. Qf2 Qe7 37. Nf3 Qf7 38. Ng5 Qxf2 39. Rxf2 Nf8 40. Rf6
Rd7 41. Ne6 Nxe6 42. Rxe6 Kg7 43. Kg2 h6 44. h3 Kf7 45. g4 Kg7 46. h4 Kf7 47.
h5 gxh5 48. gxh5 Kg7 49. Kg3 Kh7 50. Kg4 a4 51. Kf5 Rf7+ 52. Rf6 Kg7 1/2-1/2

[Event "Int.Vellmar 9th op B"]
[Site "Vellmar"]
[Date "2017.07.14"]
[Round "3.12"]
[White "Thiel, Moritz"]
[Black "Sendler, Arnold"]
[Result "0-1"]
[WhiteElo "1785"]
[BlackElo "1692"]
[PlyCount "88"]
[EventDate "2017.07.13"]
[EventType "swiss"]
[EventRounds "7"]
[EventCountry "GER"]

1. e4 e5 2. Nf3 Nc6 3. d4 exd4 4. Nxd4 Qh4 5. Qd3 Nf6 6. Nd2 Ng4 7. g3 Qf6 8.
f3 Nge5 9. Qe3 Nxd4 10. Qxd4 Nxf3+ 11. Nxf3 Qxf3 12. Qe5+ Be7 13. Rg1 d6 14.
Qd5 c6 15. Qd4 O-O 16. Bf4 Bf6 17. Qb4 a5 18. Qc4 Be6 19. Qd3 Qxd3 20. Bxd3
Bxb2 21. Rb1 Bc3+ 22. Ke2 b5 23. Bxd6 Rfd8 24. Bf4 Bxa2 25. Rbf1 Be6 26. g4 a4
27. Bd2 Bb2 28. Bc1 Bd4 29. Be3 Bc3 30. Bd2 Bxd2 31. Kxd2 c5 32. Ke3 c4 33. Be2
b4 34. c3 b3 35. Ra1 a3 36. Rgb1 a2 37. Rb2 g6 38. g5 Ra6 39. h4 Rad6 40. Bf1
Rd3+ 41. Bxd3 Rxd3+ 42. Kf4 Rxc3 43. Rd1 Rd3 44. Rc1 c3 0-1

[Event "Int.Vellmar 9th op B"]
[Site "Vellmar"]
[Date "2017.07.14"]
[Round "3.13"]
[White "Becker, Ralph"]
[Black "Wiedemann, Thilo"]
[Result "1/2-1/2"]
[WhiteElo "1776"]
[BlackElo "1616"]
[PlyCount "81"]
[EventDate "2017.07.13"]
[EventType "swiss"]
[EventRounds "7"]
[EventCountry "GER"]

1. Nf3 d5 2. d4 Bf5 3. e3 e6 4. Bd3 Bg6 5. b3 c6 6. O-O Nf6 7. c4 Nbd7 8. Qc2
Ne4 9. Nfd2 Ndf6 10. f3 Nxd2 11. Nxd2 Bb4 12. Bb2 O-O 13. a3 Bxd2 14. Qxd2 Bxd3
15. Qxd3 Qb6 16. Qc3 Nd7 17. Kh1 f5 18. e4 fxe4 19. fxe4 Nf6 20. e5 Ne4 21. Qc2
Rac8 22. a4 a5 23. Rf3 Qd8 24. Raf1 Qh4 25. Qe2 Rxf3 26. Qxf3 Qe7 27. Bc3 b6
28. Be1 Rf8 29. Qxf8+ Qxf8 30. Rxf8+ Kxf8 31. cxd5 cxd5 32. Kg1 Ke7 33. Kf1 Kd7
34. Ke2 Kc6 35. b4 axb4 36. Bxb4 b5 37. a5 Kb7 38. h4 Ka6 39. Kf3 h5 40. Be1 g6
41. g4 1/2-1/2

[Event "Int.Vellmar 9th op B"]
[Site "Vellmar"]
[Date "2017.07.14"]
[Round "3.15"]
[White "Uecker, Mario"]
[Black "Tschepanski, Helmut"]
[Result "1-0"]
[WhiteElo "1720"]
[BlackElo "1539"]
[PlyCount "99"]
[EventDate "2017.07.13"]
[EventType "swiss"]
[EventRounds "7"]
[EventCountry "GER"]

1. e4 e6 2. Nf3 d5 3. exd5 exd5 4. d4 Nf6 5. Bd3 Bd6 6. O-O O-O 7. Nc3 c6 8. h3
Re8 9. Ne2 Be6 10. c3 Qc8 11. Ng5 h6 12. Nxe6 Qxe6 13. Be3 Ne4 14. Re1 f5 15.
Bf4 Nd7 16. f3 Nef6 17. Qd2 Nh5 18. Bxd6 Qxd6 19. Bxf5 Re7 20. g4 Ng3 21. Bxd7
Nxe2+ 22. Rxe2 Qxd7 23. Rae1 Rae8 24. Re5 Re6 25. f4 Qf7 26. Qf2 R8e7 27. Kg2
Qe8 28. R1e2 Kh7 29. Qe1 Rxe5 30. Rxe5 Rxe5 31. Qxe5 Qxe5 32. fxe5 g5 33. Kf3
Kg6 34. Ke3 Kf7 35. Kd3 Ke6 36. Kc2 c5 37. Kb3 b5 38. dxc5 Kxe5 39. a4 bxa4+
40. Kxa4 Ke6 41. Kb5 Kd7 42. Ka6 Kc6 43. b4 Kc7 44. Kxa7 Kc6 45. Ka6 Kc7 46.
Kb5 Kb7 47. c6+ Kc7 48. Kc5 Kc8 49. Kxd5 Kc7 50. b5 1-0

[Event "Int.Vellmar 9th op B"]
[Site "Vellmar"]
[Date "2017.07.14"]
[Round "3.16"]
[White "Bastian, Ben"]
[Black "Hahnenstein, Leon"]
[Result "1-0"]
[WhiteElo "1705"]
[BlackElo "1401"]
[PlyCount "81"]
[EventDate "2017.07.13"]
[EventType "swiss"]
[EventRounds "7"]
[EventCountry "GER"]

1. e4 e5 2. Nf3 Nc6 3. Bb5 a6 4. Ba4 Bc5 5. O-O Nf6 6. d3 O-O 7. Bxc6 dxc6 8.
Nxe5 Qd6 9. Nc4 Qd7 10. c3 Qe7 11. e5 Nd5 12. d4 Ba7 13. Nbd2 Be6 14. Na5 Rab8
15. Kh1 f6 16. Nf3 Bg4 17. Qd3 Bxf3 18. gxf3 fxe5 19. Re1 Qf7 20. Rxe5 Qxf3+
21. Qxf3 Rxf3 22. Kg2 Rff8 23. Be3 Nxe3+ 24. fxe3 Rf6 25. Rf1 Rg6+ 26. Kh1 b6
27. Nb3 Rd8 28. Re7 Bb8 29. Ref7 h6 30. e4 Re8 31. e5 Rge6 32. Nd2 c5 33. Nb3
c6 34. a4 Kh8 35. a5 c4 36. Nd2 b5 37. Ne4 Kg8 38. Nc5 R6e7 39. Rxe7 Rxe7 40.
Nxa6 Ra7 41. Nxb8 1-0

[Event "Int.Vellmar 9th op B"]
[Site "Vellmar"]
[Date "2017.07.14"]
[Round "3.18"]
[White "Rapp, Leonard"]
[Black "Rother, Wilfried"]
[Result "0-1"]
[WhiteElo "1479"]
[BlackElo "1890"]
[PlyCount "76"]
[EventDate "2017.07.13"]
[EventType "swiss"]
[EventRounds "7"]
[EventCountry "GER"]

1. e4 c5 2. Nf3 Nc6 3. Nc3 e6 4. d4 cxd4 5. Nxd4 a6 6. Nb3 Nf6 7. Bf4 d6 8. Qd2
b5 9. O-O-O b4 10. Nb1 Nxe4 11. Qe3 d5 12. Bd3 Nf6 13. Bc4 Be7 14. f3 Bd7 15.
Bd3 a5 16. Nc5 d4 17. Bc7 Qxc7 18. Qg5 Bxc5 19. Qxc5 Rc8 20. Rd2 Ne5 21. Qxd4
O-O 22. f4 Nc6 23. Qc4 Na7 24. Qxc7 Rxc7 25. c3 Nd5 26. Rhd1 bxc3 27. bxc3 Ba4
28. Re1 Nxc3 29. Nxc3 Rxc3+ 30. Bc2 Rfc8 31. Kb2 Rxc2+ 32. Rxc2 Rxc2+ 33. Ka1
g6 34. Rb1 Nb5 35. f5 gxf5 36. g4 Nc3 37. Rb8+ Kg7 38. gxf5 Rxa2# 0-1

[Event "Int.Vellmar 9th op B"]
[Site "Vellmar"]
[Date "2017.07.14"]
[Round "3.19"]
[White "Wuestehube, Harry"]
[Black "Rapp, Lukas"]
[Result "1/2-1/2"]
[WhiteElo "1925"]
[BlackElo "1652"]
[PlyCount "42"]
[EventDate "2017.07.13"]
[EventType "swiss"]
[EventRounds "7"]
[EventCountry "GER"]

1. e4 c5 2. Nc3 d6 3. f4 Nc6 4. Nf3 e6 5. Bb5 Nge7 6. O-O a6 7. Bxc6+ Nxc6 8.
d3 Be7 9. Ne2 Qb6 10. Kh1 O-O 11. Ng3 d5 12. Qe2 Bd7 13. Rb1 Rae8 14. b3 f5 15.
e5 Na5 16. Bd2 Qc7 17. c4 dxc4 18. dxc4 Rd8 19. Bc3 b5 20. Rfd1 Nb7 21. h3 Bc6
1/2-1/2

[Event "Int.Vellmar 9th op B"]
[Site "Vellmar"]
[Date "2017.07.14"]
[Round "3.20"]
[White "Niemeyer, Norbert"]
[Black "Mittmann, Volker"]
[Result "1-0"]
[WhiteElo "1651"]
[BlackElo "1851"]
[PlyCount "63"]
[EventDate "2017.07.13"]
[EventType "swiss"]
[EventRounds "7"]
[EventCountry "GER"]

1. e4 c5 2. Nf3 d6 3. d4 cxd4 4. Nxd4 Nc6 5. Nc3 a6 6. Be3 e5 7. Nb3 Nf6 8. Be2
Be7 9. f3 O-O 10. Qd2 b5 11. O-O-O Na5 12. g4 Nxb3+ 13. axb3 Be6 14. h4 Rc8 15.
Kb1 Ne8 16. Bd3 Rc6 17. g5 Qc8 18. h5 f5 19. g6 h6 20. Bxh6 f4 21. Bxg7 Kxg7
22. h6+ Kxg6 23. h7 Rh8 24. Rdg1+ Kf7 25. Qg2 Bf6 26. Nd5 Bxd5 27. exd5 Rc7 28.
Qg8+ Ke7 29. Bg6 Qd7 30. Bxe8 Qxe8 31. Qe6+ Kd8 32. Rg8 1-0

[Event "Int.Vellmar 9th op B"]
[Site "Vellmar"]
[Date "2017.07.14"]
[Round "3.21"]
[White "Bengsch, Norbert"]
[Black "Barchfeld, Peter"]
[Result "1-0"]
[WhiteElo "1797"]
[BlackElo "1607"]
[PlyCount "107"]
[EventDate "2017.07.13"]
[EventType "swiss"]
[EventRounds "7"]
[EventCountry "GER"]

1. d4 d5 2. Nf3 c6 3. c4 Nf6 4. Nc3 Bf5 5. cxd5 Nxd5 6. Nh4 Bg6 7. Nxg6 hxg6 8.
g3 e6 9. Bg2 Bb4 10. Bd2 Nf6 11. e3 Nbd7 12. a3 Be7 13. Rc1 Nb6 14. Ne2 O-O 15.
Nf4 Nbd5 16. Nd3 Nh7 17. h4 f6 18. Qg4 Kf7 19. e4 Bd6 20. exd5 exd5 21. O-O f5
22. Qf3 Qf6 23. Bf4 Bxf4 24. Qxf4 Kg8 25. Rfe1 Rae8 26. Re5 g5 27. hxg5 Nxg5
28. Rce1 Rxe5 29. dxe5 Qh6 30. Qh4 Qxh4 31. gxh4 Ne6 32. f4 g6 33. Kf2 Kg7 34.
Kg3 Rh8 35. Rc1 Kf7 36. Nc5 Nd4 37. Bf1 b6 38. Nd3 Ke7 39. Nb4 Rc8 40. Nxd5+
Ke6 41. Ne3 b5 42. Nc2 Nxc2 43. Rxc2 a6 44. Rd2 Ke7 45. Rd6 Rd8 46. Rxd8 Kxd8
47. h5 gxh5 48. Kh4 Ke7 49. Kxh5 Ke6 50. Kg6 c5 51. Bh3 c4 52. Bxf5+ Ke7 53.
Bc8 a5 54. Ba6 1-0

[Event "Int.Vellmar 9th op B"]
[Site "Vellmar"]
[Date "2017.07.14"]
[Round "3.22"]
[White "Niemann, Leon"]
[Black "Michels, Fabio"]
[Result "1-0"]
[WhiteElo "1548"]
[BlackElo "1787"]
[PlyCount "89"]
[EventDate "2017.07.13"]
[EventType "swiss"]
[EventRounds "7"]
[EventCountry "GER"]

1. e4 c5 2. Nf3 Nc6 3. d4 cxd4 4. Nxd4 g6 5. Nc3 Bg7 6. Be3 d6 7. Qd2 Nf6 8. f3
Bd7 9. O-O-O a6 10. h4 h5 11. Nd5 b5 12. Nxc6 Bxc6 13. Nxf6+ Bxf6 14. Bd4 e5
15. Bc3 Be7 16. Bb4 Bxh4 17. Qxd6 Qxd6 18. Bxd6 Bg5+ 19. Kb1 O-O-O 20. Be2 Bf4
21. c4 bxc4 22. Bxc4 Rd7 23. Bxa6+ Bb7 24. Bxb7+ Kxb7 25. Bb4 Rhd8 26. Rxd7+
Rxd7 27. Kc2 Rc7+ 28. Bc3 f6 29. Rd1 f5 30. exf5 gxf5 31. Rh1 Rh7 32. Rh4 Kc6
33. g4 fxg4 34. fxg4 Bg3 35. Rxh5 Re7 36. g5 e4 37. g6 e3 38. g7 e2 39. g8=Q
e1=Q 40. Bxe1 Bxe1 41. Qc4+ Kd7 42. Rd5+ Ke8 43. Qc8+ Kf7 44. Qf5+ Ke8 45. Qg6+
1-0

[Event "Int.Vellmar 9th op B"]
[Site "Vellmar"]
[Date "2017.07.14"]
[Round "3.23"]
[White "Bakiev, Diyor"]
[Black "Mahr, Gero"]
[Result "1/2-1/2"]
[WhiteElo "1610"]
[BlackElo "1739"]
[PlyCount "58"]
[EventDate "2017.07.13"]
[EventType "swiss"]
[EventRounds "7"]
[EventCountry "GER"]

1. e4 e5 2. Nf3 Nc6 3. Bc4 Bc5 4. c3 d6 5. d4 exd4 6. cxd4 Bb4+ 7. Bd2 Bxd2+ 8.
Qxd2 h6 9. O-O Bd7 10. Nc3 Nge7 11. Rfe1 O-O 12. Re2 Ng6 13. Rae1 Bg4 14. Re3
a6 15. h3 Bd7 16. a3 Nce7 17. Qc2 c6 18. Rf1 Rc8 19. b4 b5 20. Ba2 Be6 21. Bxe6
fxe6 22. Qb3 d5 23. e5 Nf5 24. Ree1 Ngh4 25. Nxh4 Qxh4 26. Ne2 Qg5 27. f4 Qh4
28. Qc3 g5 29. g4 Ng7 1/2-1/2

[Event "Int.Vellmar 9th op B"]
[Site "Vellmar"]
[Date "2017.07.14"]
[Round "3.24"]
[White "Meyer, Marcel"]
[Black "Cress, Bastian"]
[Result "1-0"]
[WhiteElo "1725"]
[BlackElo "1599"]
[PlyCount "143"]
[EventDate "2017.07.13"]
[EventType "swiss"]
[EventRounds "7"]
[EventCountry "GER"]

1. d4 Nf6 2. c4 g6 3. Nc3 Bg7 4. e4 d6 5. Nf3 O-O 6. Be2 Nbd7 7. O-O e5 8. d5
Nc5 9. Qc2 a5 10. h3 Nh5 11. a3 f5 12. Bg5 Nf6 13. b4 Ncd7 14. exf5 gxf5 15.
Qxf5 h6 16. Bxf6 Rxf6 17. Qd3 Nf8 18. Ne4 Rf7 19. Nfd2 Ng6 20. Bh5 Bf5 21. g4
Qg5 22. Nxg5 Bxd3 23. Nxf7 Kxf7 24. Rfe1 Ke7 25. Bxg6 Bxg6 26. Ne4 axb4 27. f3
bxa3 28. Re3 Ra4 29. Rc3 c6 30. Raxa3 Rxa3 31. Rxa3 cxd5 32. cxd5 Bf7 33. Ra5
Kd7 34. Rb5 Kc7 35. Rxb7+ Kxb7 36. Nxd6+ Kc7 37. Nxf7 Kd7 38. g5 hxg5 39. Nxg5
Kd6 40. Kg2 Kxd5 41. Kg3 Kd6 42. Kg4 Ke7 43. Kf5 Ke8 44. Ke6 Bf8 45. Nf7 Bb4
46. Nxe5 Kf8 47. Kf6 Be1 48. f4 Bh4+ 49. Kf5 Kg7 50. Ng6 Bg3 51. h4 Kh6 52. Kg4
Be1 53. f5 Bc3 54. Nf4 Kg7 55. h5 Bf6 56. Nd5 Bd8 57. Nc3 Bf6 58. Ne4 Be7 59.
Ng5 Bf6 60. Ne6+ Kh6 61. Nc7 Bd8 62. Ne8 Kh7 63. f6 Kg8 64. h6 Bxf6 65. Nxf6+
Kh8 66. Nh5 Kh7 67. Kg5 Kh8 68. Kg6 Kg8 69. Nf4 Kh8 70. Ne6 Kg8 71. Nd8 Kh8 72.
Nf7+ 1-0

[Event "Int.Vellmar 9th op B"]
[Site "Vellmar"]
[Date "2017.07.14"]
[Round "3.25"]
[White "Kotliarevski, Dennis"]
[Black "Meyer, Thomas"]
[Result "1/2-1/2"]
[WhiteElo "1568"]
[BlackElo "1710"]
[PlyCount "45"]
[EventDate "2017.07.13"]
[EventType "swiss"]
[EventRounds "7"]
[EventCountry "GER"]

1. e4 e6 2. d4 d5 3. exd5 exd5 4. c4 Nf6 5. Bg5 Bb4+ 6. Nc3 O-O 7. Bd3 Re8+ 8.
Nge2 Bg4 9. O-O dxc4 10. Bxc4 Bxc3 11. bxc3 Nc6 12. f3 Bh5 13. Re1 h6 14. Bh4
g5 15. Bg3 Qd7 16. Qc2 Kg7 17. f4 Ng4 18. fxg5 hxg5 19. Qd2 f6 20. Bf2 Re7 21.
Ng3 Bg6 22. Rxe7+ Nxe7 23. Qe2 1/2-1/2

[Event "Int.Vellmar 9th op B"]
[Site "Vellmar"]
[Date "2017.07.14"]
[Round "3.26"]
[White "Kirchner, Stefan"]
[Black "Schaefer, Marc"]
[Result "1-0"]
[WhiteElo "1550"]
[BlackElo "1701"]
[PlyCount "45"]
[EventDate "2017.07.13"]
[EventType "swiss"]
[EventRounds "7"]
[EventCountry "GER"]

1. e4 e5 2. Nf3 Nc6 3. Bc4 Bc5 4. c3 f6 5. b4 Bb6 6. Qb3 Nh6 7. a4 a5 8. b5 Ne7
9. d4 exd4 10. cxd4 Rg8 11. O-O d6 12. h3 Bd7 13. Ba3 Ng6 14. Nc3 Qe7 15. Rfe1
O-O-O 16. Nd5 Qe8 17. Nxb6+ cxb6 18. Bxd6 Ne7 19. Rac1 Bc6 20. Be6+ Rd7 21.
bxc6 bxc6 22. Qxb6 Qd8 23. Qb8# 1-0

[Event "Int.Vellmar 9th op B"]
[Site "Vellmar"]
[Date "2017.07.14"]
[Round "3.29"]
[White "Schulze, Lukas"]
[Black "Wolter, Kerstin"]
[Result "1-0"]
[WhiteElo "1439"]
[BlackElo "1694"]
[PlyCount "39"]
[EventDate "2017.07.13"]
[EventType "swiss"]
[EventRounds "7"]
[EventCountry "GER"]

1. Nf3 c6 2. c4 Nf6 3. g3 e6 4. Bg2 d5 5. Qc2 Bd6 6. d4 O-O 7. O-O h6 8. Nbd2
Nbd7 9. e4 dxe4 10. Nxe4 Nxe4 11. Qxe4 Nf6 12. Qc2 Qe7 13. Ne5 c5 14. Be3 Rb8
15. Qc3 Qc7 16. Nd3 cxd4 17. Bxd4 Be7 18. c5 b6 19. Be5 Qd7 20. c6 1-0

[Event "Int.Vellmar 9th op B"]
[Site "Vellmar"]
[Date "2017.07.14"]
[Round "3.30"]
[White "Breiter, Juergen"]
[Black "Hoke, Joshua Sky"]
[Result "0-1"]
[WhiteElo "1685"]
[BlackElo "1500"]
[PlyCount "76"]
[EventDate "2017.07.13"]
[EventType "swiss"]
[EventRounds "7"]
[EventCountry "GER"]

1. Nf3 d5 2. d4 Nf6 3. e3 e6 4. a3 Bd6 5. Be2 Nbd7 6. h3 O-O 7. O-O e5 8. dxe5
Nxe5 9. Nxe5 Bxe5 10. c3 Be6 11. Nd2 c5 12. Nf3 Bc7 13. b4 Bb6 14. Bb2 Rc8 15.
Rc1 Qe7 16. Nh2 Rfd8 17. Ba1 Rd7 18. Ng4 Nxg4 19. Bxg4 h6 20. Bxe6 Qxe6 21. Qf3
Rcd8 22. Rfe1 Qe4 23. Qe2 Re7 24. Rcd1 cxb4 25. cxb4 d4 26. Qb2 Kf8 27. exd4
Qxe1+ 28. Rxe1 Rxe1+ 29. Kh2 Bxd4 30. Qc2 Rxa1 31. Qc7 Bb6 32. Qxb7 Rxa3 33. f3
Rb3 34. Qe4 Re8 35. Qh7 Re2 36. Qh8+ Ke7 37. Qxg7 Rbb2 38. Qxh6 Rxg2+ 0-1

[Event "Int.Vellmar 9th op B"]
[Site "Vellmar"]
[Date "2017.07.14"]
[Round "3.32"]
[White "Maar, Felicitas"]
[Black "Naujocks, Christian"]
[Result "1-0"]
[WhiteElo "1461"]
[BlackElo "1673"]
[PlyCount "63"]
[EventDate "2017.07.13"]
[EventType "swiss"]
[EventRounds "7"]
[EventCountry "GER"]

1. e4 c5 2. Nc3 d6 3. f4 Nc6 4. Nf3 a6 5. Be2 Nf6 6. d3 g6 7. O-O Bg7 8. Qe1 b5
9. h3 Bb7 10. Nd1 O-O 11. Ne3 Qb6 12. Kh1 c4 13. f5 Nd7 14. Qh4 Nce5 15. Nxe5
Nxe5 16. Qxe7 f6 17. Qe6+ Rf7 18. fxg6 hxg6 19. Nd5 Qd8 20. Nf4 Kf8 21. h4 Re7
22. Qh3 Bc8 23. Qg3 Kf7 24. h5 g5 25. Nd5 Re8 26. Qxg5 Rh8 27. d4 Nd7 28. Qg6+
Kf8 29. h6 Bxh6 30. Bxh6+ Rxh6+ 31. Qxh6+ Kg8 32. Nxf6+ 1-0